Новый энциклопедический словарь изобразительного искусства. Т. 3: Г - З (Запись № 947807)

Подробности
000 -МАРКЕР
контрольное поле 01162nam2a2200265 4500
001 - ИДЕНТИФИКАТОР ЗАПИСИ
контрольное поле RU\NLR\bibl\1664079
005 - ИДЕНТИФИКАТОР ВЕРСИИ
контрольное поле 20250616042159.0
010 ## - МЕЖДУНАРОДНЫЙ СТАНДАРТНЫЙ НОМЕР КНИГИ (ISBN)
Номер (ISBN) 978-5-9985-0863-9
Тираж 1000
021 ## - НОМЕР ГОСУДАРСТВЕННОЙ РЕГИСТРАЦИИ
Код страны Российская Федерация
Номер 2010-51652
Номер Листа государственной регистраци 3404
035 ## - ДРУГИЕ СИСТЕМНЫЕ НОМЕРА
Идентификатор записи (NLR Aleph) 001655360
100 ## - ДАННЫЕ ОБЩЕЙ ОБРАБОТКИ
Данные общей обработки 20100816d2010 |||y0rusy50 ca
101 0# - ЯЗЫК РЕСУРСА
Язык текста, звукозаписи и т.д. русский
102 ## - СТРАНА ПУБЛИКАЦИИ ИЛИ ПРОИЗВОДСТВА
Страна публикации Российская Федерация
105 ## - ПОЛЕ КОДИРОВАННЫХ ДАННЫХ: ТЕКСТОВЫЕ МАТЕРИАЛЫ, МОНОГРАФИЧЕСКИЕ
Кодированные данные о монографическом текстовом документе a |||||||||
200 1# - ЗАГЛАВИЕ И СВЕДЕНИЯ ОБ ОТВЕТСТВЕННОСТИ
Основное заглавие Г - З
210 ## - ПУБЛИКАЦИЯ, РАСПРОСТРАНЕНИЕ И ДР.
Дата издания, распространения и т.д. 2010
Место издания, распространения и т.д. Б. м.
215 ## - ФИЗИЧЕСКАЯ ХАРАКТЕРИСТИКА
Специфическое обозначение материала и объем 743, [1] с., [8] л. цв. ил.
Другие сведения о физической характеристике ил., портр.
320 ## - ПРИМЕЧАНИЯ О НАЛИЧИИ В ДОКУМЕНТЕ БИБЛИОГРАФИИ / УКАЗАТЕЛЯ
Текст примечания Библиогр. в подстроч. прим.
461 #0 - УРОВЕНЬ НАБОРА
Встроенное поле 001RU\NLR\bibl\1666791
-- 2001#$aНовый энциклопедический словарь изобразительного искусства$vТ. 3
Системный номер (АБИС) связанной записи 963952
Автор Власов, В. Г. (д-р искусствоведения ; 1947-)
Место публикации Санкт-Петербург
Дата публикации 2010
Первые сведения об ответственности Виктор Власов
Имя издателя, распространителя и т.д. Азбука-классика
Сведения, относящиеся к заглавию [в 10 т.]
Заглавие Новый энциклопедический словарь изобразительного искусства
Номер тома Т. 3
801 #0 - ИСТОЧНИК ЗАПИСИ
Страна Российская Федерация
Организация NLR
Дата составления 20100816
Правила каталогизации RCR
801 #1 - ИСТОЧНИК ЗАПИСИ
Страна Российская Федерация
Организация NLR
Дата составления 20100816
942 ## - ДОПОЛНИТЕЛЬНЫЕ ЭЛЕМЕНТЫ ЗАПИСИ (АБИС)
Тип экземпляра АБИС Книга
980 ## - КОЛЛЕКЦИЯ
Название коллекции Национальная библиография
Экземпляры
Тип экземпляра Дата поступления Источник поступления Библиотека постоянного хранения Библиотека текущего хранения Место хранения Шифр хранения Штрих-код Статус экземпляра
Книга 16.08.2010 Обязательный экземпляр РНБ (Московский) РНБ (Московский) Центральная справочная библиотека С 2010-3/86 1-674185  
Книга 16.08.2010 Обязательный экземпляр РНБ (Садовая) РНБ (Садовая) Фонд эстампов и фотографий, подручный   3229549